| Поле | Инд. | ПП | Название | Значение |
|---|---|---|---|---|
| Тип записи | a | |||
| Библиографический уровень | m | |||
| 001 | Контрольный номер | RU/IS/BASE/251560358 | ||
| 005 | Дата корректировки | 20260122103720.3 | ||
| 008 | Кодируемые данные | 20071221 | ||
| 040 | b | Код языка каталог. | rus | |
| e | Правила каталог. | PSBO | ||
| 041 | 0_ | a | Код языка текста | rus |
| 084 | a | Индекс другой классификации/Индекс ББК | 84(0)31-45 | |
| 090 | a | Полочн. индекс | 84(0)31-45 | |
| x | Авторский знак | Е 294 | ||
| 245 | 10 | a | Заглавие | Египетские сказки: Записи Древнего Египта |
| c | Ответственность | перевод под редакцией К. Д. Бальмонта | ||
| 260 | a | Место издания | Москва | |
| b | Издательство | Пушкинская библиотека | ||
| c | Дата издания | 1917 | ||
| 300 | a | Объем | 200 с. | |
| 336 | a | Термин вида содержания | Текст | |
| 337 | a | Термин типа средства | непосредственный | |
| 505 | 0_ | a | Форматированное содержание | Дочь владыки Бахтана и дух |
| 505 | 0_ | a | Форматированное содержание | Жалоба Солевара |
| 505 | 0_ | a | Форматированное содержание | Захват панциря |
| 505 | 0_ | a | Форматированное содержание | О том, как Сатни-Хамоис одержал победу над ассириянами |
| 505 | 0_ | a | Форматированное содержание | О том, как Тутий взял город Юппе |
| 505 | 0_ | a | Форматированное содержание | Повесть правдивая о Сатни-Хамоис и о сыне его Сенозирисе |
| 505 | 0_ | a | Форматированное содержание | Потерпевший кораблекрушение |
| 505 | 0_ | a | Форматированное содержание | Приключения Синугита |
| 505 | 0_ | a | Форматированное содержание | Приключение Сатни-Хамоиса с мумиями |
| 505 | 0_ | a | Форматированное содержание | Сказка о двух братьях |
| 505 | 0_ | a | Форматированное содержание | Сказка о Рампсинит |
| 505 | 0_ | a | Форматированное содержание | Странствование Унамуну к берегам Сирии |
| 505 | 0_ | a | Форматированное содержание | Царь Хуфун и кудесники |
| 650 | 04 | a | Основная рубрика | художественная литература |
| 653 | 0_ | a | Ключевые слова | древнеегипетская литература |
| a | Ключевые слова | Древний Египет | ||
| a | Ключевые слова | древний мир | ||
| 655 | a | Жанр/ форма (устаревшее) | проза | |
| a | Жанр/ форма (устаревшее) | сказка | ||
| 700 | 12 | a | Автор | Бальмонт К. Д. |
| e | Роль лиц | переводчик; редактор | ||
| q | Полное имя | Бальмонт Константин Дмитриевич | ||
| 901 | t | Тип документа | m | |
| 952 | a | Тип литературы для КСУ ВШ | ЛХИ |